| 000 | 00734nam a2200289Ia 4500 | ||
|---|---|---|---|
| 008 | 160803s9999 xx 000 0 und d | ||
| 020 | _a978-0439651417 | ||
| 100 | _aKorman, Gordon | ||
| 245 | _aHunting the hunter / | ||
| 245 | _cGordon Korman. | ||
| 260 | _aNew York : | ||
| 260 | _bScholastic Inc. | ||
| 260 | _c2006 | ||
| 300 | _a151 pages ; | ||
| 300 | _c20 cm. | ||
| 440 | _aOn the run ; chase | ||
| 440 | _v#6 | ||
| 650 | _aAdventure stories. | ||
| 650 | _aFiction. | ||
| 650 | _aFiction. | ||
| 650 | _aFugitives from justice -- | ||
| 650 | _xAdventure and adventurers -- | ||
| 650 | _xAdventure fiction. | ||
| 650 | _xFugitives from justice -- | ||
| 650 | _xJuvenile fiction. | ||
| 700 | _a770 | ||
| 999 |
_c298384 _d298384 |
||